Statistics for Oceanian Geography By Letter B - Picture Quiz

Click here to take the quiz!

General Stats

  • This quiz has been taken 203 times
  • The average score is 4 of 9

Answer Stats

Answer% Correct
Brisbane
91%
Boomerang
89%
{Bikini} Atoll
83%
Bora Bora
50%
{Bass} Strait
39%
{Bougainville} Island
33%
{Bismarck} Sea
29%
Bislama
19%
{Banks} Peninsula
11%

Score Distribution

Percentile by Number Answered

Percent of People with Each Score

Your Score History

You have not taken this quiz